Căn bản tiếng Anh cho người lớn tuổi = Basic English for aldult learners ( Có băng kèm theo sách )

Nội dung sách gồm 30 bài học và một số câu danh ngôn của nhiều tác giả khác nhau, biên soạn theo từng chủ đề khác nhau cùng với một số bài tập.

Saved in:
Bibliographic Details
Main Author: Thành An
Format: Book
Language:Undetermined
Published: Hà Nội Thanh Niên 2000
Subjects:
Tags: Add Tag
No Tags, Be the first to tag this record!
Institutions: Trung tâm Học liệu Trường Đại học Cần Thơ
LEADER 00942nam a2200229Ia 4500
001 CTU_39787
008 210402s9999 xx 000 0 und d
020 |b 35.000đ 
082 |a 428.24 
082 |b Th107 
100 |a Thành An 
245 0 |a Căn bản tiếng Anh cho người lớn tuổi = 
245 0 |b Basic English for aldult learners ( Có băng kèm theo sách ) 
245 0 |c Thành An, Thu Thảo 
260 |a Hà Nội 
260 |b Thanh Niên 
260 |c 2000 
520 |a Nội dung sách gồm 30 bài học và một số câu danh ngôn của nhiều tác giả khác nhau, biên soạn theo từng chủ đề khác nhau cùng với một số bài tập. 
650 |a English language,English language 
650 |x Study and teaching,Textbooks for foreign speakers 
904 |i Minh, 001205 
980 |a Trung tâm Học liệu Trường Đại học Cần Thơ